| 000 | 00562nam a22001697a 4500 | ||
|---|---|---|---|
| 003 | MACL | ||
| 005 | 20160723164538.0 | ||
| 008 | 160723b xxu||||| |||| 00| 0 eng d | ||
| 040 | _cMACL | ||
| 041 | _aHindi | ||
| 082 | _a150 | ||
| 100 |
_aफ्रायड, सिगमंड _964250 |
||
| 245 |
_aसपनों का मनोविज्ञान _cसिगमंड फ्रायड |
||
| 260 |
_aनई दिल्ली _bनया साहित्य _c2011 |
||
| 650 |
_aमनो विज्ञान _948678 |
||
| 942 |
_2ddc _cHIN |
||
| 999 |
_c54838 _d54838 |
||